Alphabet battle / (Record no. 9915)

MARC details
000 -LEADER
fixed length control field 01175nam a22002657a 4500
001 - CONTROL NUMBER
control field 9915
003 - CONTROL NUMBER IDENTIFIER
control field FISKH
005 - DATE AND TIME OF LATEST TRANSACTION
control field 20260316154247.0
008 - FIXED-LENGTH DATA ELEMENTS--GENERAL INFORMATION
fixed length control field 260316b cb ||||| |||| 00| 0 eng d
020 ## - INTERNATIONAL STANDARD BOOK NUMBER
International Standard Book Number 1366901X
040 ## - CATALOGING SOURCE
Original cataloging agency FISKH
Language of cataloging eng
Transcribing agency FISKH
Modifying agency FISKH
082 ## - DEWEY DECIMAL CLASSIFICATION NUMBER
Classification number 421
100 ## - MAIN ENTRY--PERSONAL NAME
Personal name Errera , Eglal
245 ## - TITLE STATEMENT
Title Alphabet battle /
Statement of responsibility, etc. Story inspired by Jewish legend , written by Eglal Errera with the help of Louma Errera : Illustrated by Giulia Orecchia
260 ## - PUBLICATION, DISTRIBUTION, ETC.
Place of publication, distribution, etc. Montrouge , France :
Name of publisher, distributor, etc. Bayard Presses ,
Date of publication, distribution, etc. 2019 .
300 ## - PHYSICAL DESCRIPTION
Extent 50 pages :
Other physical details color illustrations ;
Dimensions 23 cm .
490 ## - SERIES STATEMENT
Series statement Story Box : More than a book !
505 ## - FORMATTED CONTENTS NOTE
Formatted contents note L <br/><br/>
520 ## - SUMMARY, ETC.
Summary, etc. Alphabet Battle is a playful children’s story about letters that argue over who should be first in the alphabet. Each letter explains why it is important, leading to a funny “battle.” In the end, the letters agree that A will be the first letter. The book helps young readers learn about the alphabet in a fun and imaginative way.<br/><br/>
521 8# - TARGET AUDIENCE NOTE
Target audience note 550 <br/>
Source Lexile estimate <br/>
521 8# - TARGET AUDIENCE NOTE
Target audience note L <br/><br/>
Source Raz-Plus <br/>
700 ## - ADDED ENTRY--PERSONAL NAME
Personal name Orecchia , Giulia
Relator term Illustrated
942 ## - ADDED ENTRY ELEMENTS (KOHA)
Source of classification or shelving scheme Dewey Decimal Classification
Koha item type Books
Suppress in OPAC No
Holdings
Withdrawn status Lost status Source of classification or shelving scheme Damaged status Not for loan Collection Home library Current library Shelving location Date acquired Total Checkouts Full call number Barcode Date last seen Price effective from Koha item type
    Dewey Decimal Classification     Juvenile Fiction Footprints International School Library Network Toul Tom Poung Campus Footprints International School Library Network Toul Tom Poung Campus TTP Primary Yellow Bookshelves 03/16/2026   ERR 421 FIS02014 03/16/2026 03/16/2026 Books